000 00609nam a2200169 a 4500
001 000031264
005 20200930062818.0
008 110617s2005 dr 000 0 spa d
040 _aDO-SdBNP
_bspa
_cBNPHU
082 _axxxx
_bR426n
110 1 _aRepublica Dominicana.
_bAyuntamiento del Distrito Nacional
_99535
245 1 0 _aNormativa para el arbolado urbano del Distrito Nacional.
260 _aSanto Domingo :
_bAmigo del Hogar,
_c2005.
300 _a32 p. ;
_c22 cm.
500 _aAdoptada mediante la resolución 152 del 2004 de la Sala capitular del Ayuntamiento del Distrito nacional
049 _aBNPD
999 _c30756
_d30756